Pozadie protimonopolnej politiky Slovenskej republiky bakalárska práca

Guardado en:
Detalles Bibliográficos
Autor principal: Pribičko, Ivan
Autor Corporativo: Fakulta podnikového manažmentu EU. Katedra podnikovohospodárska
Otros Autores: Strieška, Ľubomír
Formato: Libro
Lenguaje:eslovaco
Publicado: Bratislava 2009
Etiquetas: Agregar Etiqueta
Sin Etiquetas, Sea el primero en etiquetar este registro!

MARC

LEADER 00000nam$a2200000$$$4500
001 0102102
005 20240319130229.0
041 0 |a slo 
044 |a SK 
245 1 0 |a Pozadie protimonopolnej politiky Slovenskej republiky  |b bakalárska práca  |c Ivan Pribičko ; škol. Ľubomír Strieška 
264 1 |a Bratislava  |c 2009 
300 |a 42 s. 
100 1 |a Pribičko, Ivan 
700 1 |a Strieška, Ľubomír 
710 2 |a Fakulta podnikového manažmentu EU. Katedra podnikovohospodárska